Digital telephony (Record no. 3592)

000 -LEADER
fixed length control field 00571nam a2200217 a 4500
001 - CONTROL NUMBER
control field 3592
003 - CONTROL NUMBER IDENTIFIER
control field BD-DhUET
008 - FIXED-LENGTH DATA ELEMENTS--GENERAL INFORMATION
fixed length control field 900501s1991 nyua b 001 0 eng
020 ## - INTERNATIONAL STANDARD BOOK NUMBER
International Standard Book Number 0471620564
040 ## - CATALOGING SOURCE
Original cataloging agency DLC
Transcribing agency DLC
Modifying agency BD-DhUET
082 ## - DEWEY DECIMAL CLASSIFICATION NUMBER
Classification number 623.85
Item number BEL/1991
100 ## - MAIN ENTRY--PERSONAL NAME
Personal name Bellamy, John
245 10 - TITLE STATEMENT
Title Digital telephony
250 ## - EDITION STATEMENT
Edition statement 2nd ed.
260 ## - PUBLICATION, DISTRIBUTION, ETC. (IMPRINT)
Place of publication, distribution, etc. New York
Name of publisher, distributor, etc. John wiley & sons
Date of publication, distribution, etc. 1991
300 ## - PHYSICAL DESCRIPTION
Extent xix, 572 p.
Other physical details ill.
Dimensions 25 cm.
490 ## - SERIES STATEMENT
Series statement Wiley Series in telecommunications
504 ## - BIBLIOGRAPHY, ETC. NOTE
Bibliography, etc Includes bibliographies
650 #0 - SUBJECT ADDED ENTRY--TOPICAL TERM
Topical term or geographic name as entry element Digital telephony
942 ## - ADDED ENTRY ELEMENTS (KOHA)
Koha item type General Book
Holdings
Shelving location Source of classification or shelving scheme Koha date last borrowed Withdrawn status Copy number Piece designation (barcode) Koha item type Koha normalized classification for sorting Damaged status Koha full call number Location (home branch) Koha date last seen Not for loan Koha issues (times borrowed) Date acquired Price effective from Sublocation or collection (holding branch) Lost status
Circulation section 2015-10-10 183618General Book623_000000000000000_85BEL1991 623.85/BEL/1991Central Library, BUET2016-02-06 22014-11-022014-11-02Central Library, BUET 
Circulation section   283620General Book623_000000000000000_85BEL1991 623.85/BEL/1991Central Library, BUET2017-08-26  2014-11-022014-11-02Central Library, BUET 
Circulation section   383623General Book623_000000000000000_85BEL1991 623.85/BEL/1991Central Library, BUET2017-08-16  2014-11-022014-11-02Central Library, BUET 
Circulation section 2023-03-07 486339General Book623_850000000000000_BEL_1991 623.85/BEL/1991Central Library, BUET2024-02-20 22014-11-022014-11-02Central Library, BUET 
Reading section   587594Reading Item623_850000000000000_BEL_1991 623.85/BEL/1991Central Library, BUET2015-07-01  2015-07-012015-07-01Central Library, BUET 
Rental section   ক-১83563Rental Item623_850000000000000_BEL_1991 623.85 BEL/1991Central Library, BUET2024-12-09  1992-06-062024-12-09Central Library, BUET 
Rental section   ক-২83564Rental Item623_850000000000000_BEL_1991 623.85 BEL/1991Central Library, BUET2024-12-09  1992-06-062024-12-09Central Library, BUET 
Rental section   ক-৩83565Rental Item623_850000000000000_BEL_1991 623.85 BEL/1991Central Library, BUET2024-12-09  1992-06-062024-12-09Central Library, BUET 
Rental section   ক-৪83566Rental Item623_850000000000000_BEL_1991 623.85 BEL/1991Central Library, BUET2024-12-09  1992-06-062024-12-09Central Library, BUET 
Rental section   ক-৫83567Rental Item623_850000000000000_BEL_1991 623.85 BEL/1991Central Library, BUET2024-12-09  1992-06-062024-12-09Central Library, BUET 
Rental section   ক-৬83568Rental Item623_850000000000000_BEL_1991 623.85 BEL/1991Central Library, BUET2024-12-09  1992-06-062024-12-09Central Library, BUET 
Rental section   ক-৭83569Rental Item623_850000000000000_BEL_1991 623.85 BEL/1991Central Library, BUET2024-12-09  1992-06-062024-12-09Central Library, BUET 
Rental section   ক-৮83570Rental Item623_850000000000000_BEL_1991 623.85 BEL/1991Central Library, BUET2024-12-09  1992-06-062024-12-09Central Library, BUET 
Rental section   ক-৯83571Rental Item623_850000000000000_BEL_1991 623.85 BEL/1991Central Library, BUET2024-12-09  1992-06-062024-12-09Central Library, BUET 
Rental section   ক-১০83572Rental Item623_850000000000000_BEL_1991 623.85 BEL/1991Central Library, BUET2024-12-09  1992-06-062024-12-09Central Library, BUET 
Rental section   ক-১১83573Rental Item623_850000000000000_BEL_1991 623.85 BEL/1991Central Library, BUET2024-12-09  1992-06-062024-12-09Central Library, BUET 
Rental section   ক-১২83574Rental Item623_850000000000000_BEL_1991 623.85 BEL/1991Central Library, BUET2024-12-09  1992-06-062024-12-09Central Library, BUET 
Rental section   ক-১৩83575Rental Item623_850000000000000_BEL_1991 623.85 BEL/1991Central Library, BUET2024-12-09  1992-06-062024-12-09Central Library, BUET 
Rental section   ক-১৪83576Rental Item623_850000000000000_BEL_1991 623.85 BEL/1991Central Library, BUET2024-12-09  1992-06-062024-12-09Central Library, BUET 
Rental section   ক-১৫83577Rental Item623_850000000000000_BEL_1991 623.85 BEL/1991Central Library, BUET2024-12-09  1992-06-062024-12-09Central Library, BUET